Mapa geológico de España, escala 1: 50.000. Explicación de la hoja nº 363 : Manresa (Barcelona) / estudiada y redactada por Agustín de Larragán y Valentín Masachs Alavedra 50.000. Explicación de la hoja nº 363 :
Descripción Física:
108 p. : il., 2 map. pleg. solts
Otros Autores:
Masachs Alavedra, Valentín
Materias:
Geologia -- Manresa
MARC
| LEADER | 00000nam a2200000Ia 4500 | ||
|---|---|---|---|
| 001 | 11409 | ||
| 003 | BGR | ||
| 005 | 20260324175222.0 | ||
| 008 | 160829s1956 xx 000 0 cat d | ||
| 080 | |a C-1-183 | ||
| 100 | |a Larragán, Agustín de |9 21197 | ||
| 245 | |a Mapa geológico de España, escala 1: |b 50.000. Explicación de la hoja nº 363 : |b Manresa (Barcelona) / estudiada y redactada por Agustín de Larragán y Valentín Masachs Alavedra | ||
| 260 | |a Madrid : |b Instituto Geológico y Minero de España, |c 1956 | ||
| 300 | |a 108 p. : |b il., 2 map. pleg. solts | ||
| 590 | |a Els dos mapes han passat a la calaixera | ||
| 650 | |a Geologia |x Manresa |9 21198 | ||
| 700 | |a Masachs Alavedra, Valentín |9 21199 | ||
| 710 | 1 | |a Instituto Geológico y Minero de España |9 71188 | |
| 901 | |a Arxiu | ||
| 942 | |n 1 |2 udc |c MON | ||
| 952 | |0 0 |1 0 |4 0 |6 C1183 |7 1 |9 41823 |a Arxiu |b Arxiu |d 2016-12-01 |l 0 |o C-1-183 |p 11409 |r 2016-12-01 00:00:00 |w 2016-12-01 |y ARXIU | ||
| 999 | |c 43747 |d 43747 | ||